| 000 | 00912nam a2200229 u 4500 | ||
|---|---|---|---|
| 001 | 000408756 | ||
| 003 | AM-YeHGA | ||
| 005 | 20250617132654.0 | ||
| 008 | 050209s1990 |||a||||||||||000|0|rus d | ||
| 020 | _a562000337X | ||
| 040 | _aAM-YeHGA | ||
| 041 | 0 | _arus | |
| 245 | 0 | 0 |
_aАрал : _bсегодня и завтра : [Сборник] / _cСост. К.Ш. Диярова, Г.В. Гельдыева; Послесл. Г. Резниченко. |
| 260 |
_aАлма-Ата : _bКайнар, _c1990. |
||
| 300 |
_a277 с. _bцв. ил. |
||
| 653 | 0 | _aОхрана окружающей среды - Аральское море | |
| 653 | 0 | _aОхрана окружающей среды - Приаралье | |
| 700 | 1 |
_aДиярова, К.Ш. _eсост. _4com |
|
| 700 | 1 |
_aГельдыева, Г.В. _eсост. _4com |
|
| 700 | 1 |
_aРезниченко, Г. _eавт. предисл. _4aui |
|
| 090 | _c156858 | ||
| 999 |
_c155459 _d155459 |
||